| 000 | 00486nam a2200145Ia 4500 | ||
|---|---|---|---|
| 008 | 150121s9999 xx 000 0 und d | ||
| 020 | _a2350-7756 | ||
| 245 |
_aAsia Pacific Journal of Multidisciplinary Research / _h[electronic resource] |
||
| 260 |
_bLyceum of the Philippines University-Batangas, _c2014. |
||
| 516 | _aElectronic text | ||
| 650 | _aMultidisciplinary. | ||
| 830 | _aPhilippine E-Journals | ||
| 856 | _uhttp://www.ejournals.ph/index.php?journal=APJMR | ||
| 942 | _cEJ | ||
| 999 |
_c276987 _d276987 |
||